• 首页
  • 本馆介绍
  • 公告通知
  • 最新文献
  • 馆藏检索
  • 电子资源
  • 读者导购
  • 参考咨询
  • 我的图书馆
  • 登录
  • 详细信息显示
  • 放入我的书架
  • 预约/预借图书
  • 作者相关作品
  • 分类相关作品
  • 丛书相关作品
  • 出版社相关作品

书目信息

  • 表格格式
  • 工作单格式
  • 卡片格式
题名:
建筑艺术赏析
    
 
作者: 陈孟琰 , 马倩倩 , 强晓倩 主编
分册:  
出版信息: 镇江   江苏大学出版社  2017.09
页数: 191页
开本: 29cm
丛书名:
单 册:
中图分类: TU-861 , TU-85
科图分类:
主题词: 建筑艺术--鉴赏--世界--教材 , 建筑艺术--关系
电子资源:
ISBN: 978-7-5684-0621-5
000 01050nam0 2200277 450
001 461
005 20180927144136.57
010    @a978-7-5684-0621-5@dCNY58.00
100    @a20180819d2017 em y0chiy50 ea
101 0  @achi
102    @aCN@b320000
105    @aa z 000yy
200 1  @a建筑艺术赏析@9jian zhu yi shu shang xi@f陈孟琰,马倩倩,强晓倩主编
210    @a镇江@c江苏大学出版社@d2017.09
215    @a191页@c图@d29cm
300    @a环境艺术专业与室内设计专业“十三五”规划教材
330    @a本书从分析建筑艺术的要素入手,解析建筑艺术的内涵,阐述欣赏建筑艺术的方法,着重讲解了西方、东方和中国古代建筑艺术的精粹,概括介绍了现代建筑的艺术特征,并对当代建筑的特点进行了客观的评价,同时也对建筑艺术的发展趋势做出了较为科学的分析。
606 0  @a建筑艺术@x鉴赏@y世界@j教材
606 0  @a建筑艺术@x关系
690    @aTU-861@v5
690    @aTU-85@v4
701  0 @a陈孟琰@9chen meng yan@4主编
701  0 @a马倩倩@9ma qian qian@4主编
701  0 @a强晓倩@9qiang xiao qian@4主编
801  0 @aCN@b91MARC@c20180819
905    @aMuseLib@dTU-85@e198
    
    建筑艺术赏析/陈孟琰,马倩倩,强晓倩主编.-镇江:江苏大学出版社,2017.09
    191页:图;29cm
    环境艺术专业与室内设计专业“十三五”规划教材
    
    ISBN 978-7-5684-0621-5:CNY58.00
    本书从分析建筑艺术的要素入手,解析建筑艺术的内涵,阐述欣赏建筑艺术的方法,着重讲解了西方、东方和中国古代建筑艺术的精粹,概括介绍了现代建筑的艺术特征,并对当代建筑的特点进行了客观的评价,同时也对建筑艺术的发展趋势做出了较为科学的分析。
●
相关链接 在E读中查询图书 在五车中查询图书 在当当中查询图书 在豆瓣中查询图书


正题名:建筑艺术赏析     索取号:TU-85/198         预约/预借

序号 登录号 条形码 馆藏地/架位号 状态 备注
1 1119994   211199941   第二样本阅览室/ [索取号:TU-85/198] 在馆    
2 1119995   211199950   第三借阅区/ [索取号:TU-85/198] 在馆    
3 1119996   211199969   第三借阅区/ [索取号:TU-85/198] 在馆    
4 1119997   211199978   第三借阅区/ [索取号:TU-85/198] 在馆    
5 1119998   211199987   第三借阅区/ [索取号:TU-85/198] 在馆    
唐山师范学院图书馆 欢迎您!
大连网信软件有限公司© 版权所有